| 000 | 01219 a2200217 4500 | ||
|---|---|---|---|
| 003 | Nust | ||
| 005 | 20170207154050.0 | ||
| 010 | _a 2008030265 | ||
| 020 | _a9780838909782 (alk. paper) | ||
| 040 | _cNust | ||
| 082 | 0 | 0 | _a727/.8 |
| 100 | 1 | _aSannwald, William W. | |
| 245 | 1 | 0 |
_aChecklist of library building design considerations(E-BOOK) _cWilliam W. Sannwald. |
| 250 | _a5th ed. | ||
| 260 |
_aChicago : _bAmerican Library Association, _c2009. |
||
| 300 |
_aviii, 211 p. ; _c28 cm. |
||
| 505 | 0 | _aBuilding planning and architecture -- Library site selection -- Sustainable design -- General exterior considerations -- Interior organization of library buildings -- Compliance with ADA accessibility guidelines -- Telecommunications, electrical, and miscellaneous equipment -- Interior design and finishes -- Materials handling and storage : book stacks and shelving -- Building systems -- Safety and security -- Maintenance of library buildings and property -- Building occupancy and post-occupancy evaluation -- Groundbreaking and dedication ceremonies. | |
| 650 | 0 |
_aLibrary architecture _zUnited States. |
|
| 651 | _aE-BOOK | ||
| 856 | 4 | 1 |
_3Table of contents only _uhttp://www.loc.gov/catdir/toc/ecip0823/2008030265.html |
| 942 |
_2ddc _cBK |
||
| 999 |
_c193073 _d193073 |
||